|
|
|
|
| LEADER |
00000cam a2200000 a 4500 |
| 001 |
1/124424 |
| 008 |
220224s1985####gr | ||| |||| ||gre|| |
| 040 |
|
|
|a GR-MyUa
|b gre
|c GR-MyUa
|e AACR2
|
| 041 |
1 |
|
|a gre
|h rus
|
| 082 |
7 |
|
|a 576.839
|2 (23)
|
| 100 |
1 |
|
|a Shklovskii, I. S.
|
| 245 |
1 |
0 |
|a Ζωή στο σύμπαν /
|c I.S. Shklovskii, Carl Sagan ; μετάφραση Ντίνος Γαρουφαλιάς.
|
| 260 |
|
|
|a Αθήνα :
|b Ωρόρα,
|c c1985.
|
| 300 |
|
|
|a 241 σ. :
|b εικ. ;
|c 17 εκ.
|
| 650 |
|
0 |
|a Life on other planets
|
| 650 |
|
0 |
|a Astronomy.
|
| 650 |
|
0 |
|a Interstellar communication.
|
| 700 |
1 |
|
|a Sagan, Carl,
|d 1934-1996.
|
| 970 |
|
|
|a Κοντού
|b Παρασκευή
|z 24/02/2022
|